Palabras de vida. Cien lecturas educativas populares.
Guardado en:
| Autor principal: | |
|---|---|
| Formato: | Libro |
| Lenguaje: | español |
| Publicado: |
París-México.
Librería de la Vda. de Ch, Bouret.
1920
|
| Catálogo: | MANES: Resultados de Búsqueda del Catálogo |
| Clasificación de libros de texto: |
|
| Etiquetas: |
Agregar Etiqueta
Sin Etiquetas, Sea el primero en etiquetar este registro!
|
| Añadido a: | 2018-06-24 |
| Cambiado en: | 2019-04-29 |
MARC
| LEADER | 00000nam a2200000 4500 | ||
|---|---|---|---|
| 005 | 20190429105149.0 | ||
| 008 | 180625b xxu||||| |||| 00| 0 spa d | ||
| 040 | |a centro_manes |c universidad_colima | ||
| 100 | |9 16874 |a Cadena, Longinos. | ||
| 245 | |a Palabras de vida. Cien lecturas educativas populares. | ||
| 260 | |a París-México. |b Librería de la Vda. de Ch, Bouret. |c 1920 | ||
| 300 | |a 224 p. |c 18 cm. | ||
| 500 | |a Aparece: Francisco Ziga, "Bibliografía Pedagógica. Libros de texto para enseñanza primaria:1850-1970 V. Libros de Lectura" en Boletín del Instituto de Investigaciones Bibliográficas 1981-1982, Biblioteca Nacional, Hemeroteca Nacional, Universidad Nacional Autónoma de México, Nos. 18 - 19,p. 127. | ||
| 691 | 0 | |a PRI | |
| 690 | 0 | |a EyL | |
| 942 | |2 ddc |c BK | ||
| 999 | |c 50913 |d 50913 | ||
| 999 | |c manes:50913 |d 50913 | ||